EuroBasket 2025 Teams Quiz - Statistics

General Stats
  • This quiz has been taken 94 times
  • The average score is 22 of 24
Answer Stats
Star Player Country % Correct
Franz Wagner Germany
99%
Nikola Jokić Serbia
99%
Lauri Markkanen Finland
98%
Kristaps Porziņģis Latvia
98%
Giannis Antetokounmpo Greece
96%
Luka Dončić Slovenia
96%
Alperen Şengün Turkey
96%
Simone Fontecchio Italy
95%
Bilal Coulibaly France
94%
Jonas Valančiūnas Lithuania
94%
Mateusz Ponitka Poland
94%
Santi Aldama Spain
94%
Neemias Queta Portugal
93%
Pelle Larsson Sweden
90%
Jusuf Nurkić Bosnia and Herzegovina
89%
Tornike Shengelia Georgia
88%
Deni Avdija Israel
86%
Nikola Vučević Montenegro
86%
Hans Vanwijn Belgium
85%
Kristian Kullamäe Estonia
84%
Martin Hermannsson Iceland
81%
Konstantinos Simitzis Cyprus
79%
Vít Krejčí Czech Republic
79%
Akwasi Yeboah Great Britain
79%
No matching quizzes found
Score Distribution
Percent of People with Each Score
Percentile by Number Answered
Your Score History
You have not taken this quiz